LEADER 01194nam0 2200337 450 001 000022382 005 20090202143429.0 100 $a20090202d1970----km-y0itay50------ba 101 1 $aita$crus 102 $aIT 105 $ay-------001yy 200 1 $aStato e rivoluzione$ela dottrina marxista dello Stato e i compiti del proletariato nella rivoluzione$fVladimir Ili\010D Lenin$ga cura di Valentino Gerratana 205 $a2. ed. 210 $aRoma$cEditori Riuniti$d1970 215 $a207 p.$d19 cm 225 2 $a<>idee$v1 410 0$12001$a<>idee 500 10$aGosudarstvo i revoljucija$m$947309 610 1 $aStato$aConcezione marxista 610 1 $aLenin Vladimir Ili\010D. Concetto di rivoluzione 676 $a321.84$v16$9Stato comunista 676 $a321.8$v17$9Democrazia rappresentativa 676 $a320.1$v21$9Stato 676 $a335.43$v21$9Comunismo (Marxismo-Leninismo) 700 1$aLenin,$bVladimir Ili\010D$0632944 702 1$aGerratana,$bValentino$4070 801 0$aIT$bUNIPARTHENOPE$c20090202$gRICA$2UNIMARC 912 $a000022382 951 $a032/28$b4898$cNAVA2 996 $aGosudarstvo i revoljucija$947309 997 $aUNIPARTHENOPE LEADER 01880nam 2200349 n 450 001 996394626203316 005 20200824120729.0 035 $a(CKB)3810000000009039 035 $a(EEBO)2240922696 035 $a(UnM)99827208e 035 $a(UnM)99827208 035 $a(EXLCZ)993810000000009039 100 $a19950207d1696 uy | 101 0 $aeng 135 $aurbn||||a|bb| 200 00$aJohn Holwell's strange and wonderful prophesies$b[electronic resource] $eforetelling what shall happen in Europe in the years 1697, 98, 99, and 1700. (v0z.) In 97. Foretelling the Poles beating the Tartars: the Turks obtaining victories over the Emperor: with several other things of note. In 98. Foretelling many divisions and commotions in Italy, tending to the subversion of the tripple-crown: vast fleets of ships at sea, and bloody sea fights. The power of France reduc'd to a low ebb by the victorious arms of England. In 99. Foretelling a full discovery of the treacherous contrivances of several courts of Europe. Likewise Holland is warned to take care of herself. bloody sea-fights this year; and a whole army, in the eastern parts of the world, destroyed by fire from heaven. 1700. Now will be the downfall of Rome: after which follows general peace over the whole earth, &c 210 $aLondon $cprinted at .. Fleetstreet, ..$d[1696] 215 $a8 p 300 $aTitle page torn at foot with partial loss of imprint. 300 $aReproduction of the original in the British Library. 330 $aeebo-0018 606 $aProphecies$vEarly works to 1800 615 0$aProphecies 700 $aHolwell$b John$f1649-1686?$01001569 801 0$bCu-RivES 801 1$bCu-RivES 801 2$bCStRLIN 801 2$bWaOLN 906 $aBOOK 912 $a996394626203316 996 $aJohn Holwell's strange and wonderful prophesies$92371276 997 $aUNISA